00475nam a2200157Ia 4500008004100000082001800041100002300059245002300082260003800105300000900143500002400152650001200176942000700188952010700195999001500302230524s9999 xx 000 0 und d a612.3812bMUM aAlan Mumfond96197 0aEffective Learning aHYDERABADbUniversity Pressc2000 aV;69 aQuantity Number: 1 aEnglish cBK 00104070aTATCLbTATCLcGENd2023-05-24l0o612.3812 MUMp4308r2023-05-24w2023-05-24yBKzCPEC5203 c8711d8711